Diccionario Durvan de la Lengua Española

שמור ב:
מידע ביבליוגרפי
מחבר ראשי: Menéndez Pidal, Ramón
פורמט: ספר
שפה:Undetermined
יצא לאור: Bilbao, España Durvan 1972
נושאים:
תגים: הוספת תג
אין תגיות, היה/י הראשונ/ה לתייג את הרשומה!

MARC

LEADER 00000nam a2200000Ia 4500
008 170316s9999 xx 000 0 und d
040 |a cru BVZT 
090 |a R-413 M-1d ESP 
100 |a Menéndez Pidal, Ramón 
245 |a Diccionario Durvan de la Lengua Española 
260 |a Bilbao, España 
260 |b Durvan 
260 |c 1972 
300 |a 1312 páginas 
650 0 |a REFERENCIA  |9 27 
650 0 |a DICCIONARIO  |9 28 
650 0 |a ESPAÑOL  |9 48 
942 |2 z  |c REF 
999 |c 29997  |d 29997